nederlanse opstand jaartallen quiz - Statistieken

Algemene statistieken
  • Deze quiz is 28 keer genomen
  • De gemiddelde score is 4 van 9
Antwoordstatistieken
Hint Antwoord % Correct
1566 beeldenstorm
73%
1648 vrede van munster
73%
1581 plakkaat van verlatinge
64%
1584 willem van oranje vermoord
55%
1568 slag bij heiligerlee
45%
1576 pacificatie van gent
36%
1579 unie van utrecht en atrecht
36%
1572 geuzen nemen den briel in
27%
1588 republiek der 7 verenigde nederlanden
9%
Geen overeenkomende quizzen gevonden
Scoreverdeling
Procent van Mensen met Elke Score
Percentiel versus Aantal Correcte Antwoorden
Uw Scoregeschiedenis
U heeft deze quiz nog niet genomen